000 02146nam a2200241Ia 4500
003 Ost
005 20260507075213.0
008 260507s9999||||xx |||||||||||||| ||und||
020 _a66690799579
040 _cfsecg
041 _aara
082 _a330
100 _aالعيادي، احمد صبحي
_eمؤلف
245 0 _aإدارة العمليات المصرفية و الرقابة عليها /
_c احمد صبحي العيادي
260 _aعمان:
_bدار الفكر,
_c2010
300 _a312 صفحة؛
_bإيضاحات ؛
_c24 سم
504 _aمراجع ص.297
520 _aمعنى فقه المعاملات و الالفاظ ذات الصلة ، نظرة الاسلام الى فقه المعاملات المالية ، خصائص فقه المعاملات المالية ،،أنواع المعاملات المالية ، مصادر فقه المعاملات المالية ، تعريف المصرف الاسلامي ، خصائص و أسس المصارف الاسلامية ، أوجه الاتفاق و الافتراق بين المصارف الاسلامية و المصارف الربوية ، المفهوم الاسلامي للربح و ضوابطه، أسباب استحقاق الربح و تحديده ، البيع و أقسامه ، بيع المرابحة ، البيوع الاستثمارية في المصارف الاسلامية ، الاجارات و المشاركات ، الضوابط الشرعية للاعتمادات و التحاصيل المستندية ، و لصناديق و محافظ الاستثمار الاسلامية ، العوائد في الصيغ المصرفية الاسلامية و كيفية احتسابها ، تعريف المصرف المركزي الرأسمالي و أهدافه ، نشأته و تطور ه، وظائفه و ميزانيته و استقلاله ، المقصود بهيئة الفتوى و النتابعة الشرعية و تشكيلها ، الابعاد الثمانية للرقابة على البنوك.
653 _aالرقابة
653 _aالمصارف
653 _aالمصرف الاسلامي
942 _cكتاب
999 _c43483
_d43483